Kursus induksi umum untuk pegawai penilaian dan penolong pegawai penilaian 27 April - 27 Mei 1993 [ pembangunan kumpulan dan pengucapan awam
| Format: | Book |
|---|---|
| Published: |
Bangi :
Inspen ,
1993
|
| Subjects: |
MARC
| LEADER | 00000cam a2200000 7i4500 | ||
|---|---|---|---|
| 001 | 0000018377 | ||
| 005 | 20061213.0 | ||
| 040 | |a INS | ||
| 090 | 0 | 0 | |a HD66 1993 |
| 245 | 0 | 0 | |a Kursus induksi umum untuk pegawai penilaian dan penolong pegawai penilaian 27 April - 27 Mei 1993 [ |h video recording] : |b pembangunan kumpulan dan pengucapan awam |
| 260 | |a Bangi : |b Inspen , |c 1993 | ||
| 300 | |a 1 Video cassette (VHS) (2:30) : |b sd., col. ; |c 1/2 in. | ||
| 650 | 0 | 0 | |a Teams in the work place |
| 999 | |a VHS512 |b VIDEO |c Media Collection |e Default branch | ||